000 00741nam a22002057a 4500
999 _c165647
_d165647
005 20190626111512.0
010 _aENG-125765
020 _a9780199490684
_c1395.00
035 _aEN-109297
037 _bDBAD/PUB
082 _a381.954
245 _aTransregional trade and traders :
_ced.by Edward A. Alpers [and] Chhaya Goswami
_bsituating Gujrat in the Indian ocean from early times to 1900 /
260 _aNew Delhi
_bOxford University Press
_c2019
270 _a2/11 Ground Floor, Ansari Road
_bDaryaganj, Delhi
_e110002
300 _aviii, 397
_c22cm(Hb)
500 _aIncludes bibliographical references and index
700 _aAlpers, Edward A.
700 _aGoswami, Chhaya
942 _2ddc
_cEN
_h381.954
_mTRA